000 00725nam a2200265Ia 4500
003 OSt
005 20221005070108.0
006 a|||||r|||| 00| 0
007 ta
008 221004b |||||||| |||| 00| 0 eng d
020 _a9788192526256 (hbk)
_cIndian Rupees 400
024 _a70863
037 _bGift, 11/12/2021,
_cTextual
040 _aCRL
_cCRL
_beng
041 _2eng
_aeng
082 _aV2, fQ8.2
100 _aRupani Bob Au.
_9605300
245 0 _aLiving the royal life
260 _aMumbai
_bRupani Media India
_c2018
300 _a97p.
_ccm.
490 _vVol. 2
650 _aHISTORY
942 _hV2, fQ8.2
_cTEXL
_2cc
999 _c975663
_d975663